000 00698nam0a22002411 4500
001 rc\265537
005 20250621000906.0
010 _a5-05-003991-6
_925000
035 _a(NLR Aleph) 005470579
090 _a5042314
_c5042314
100 _a20030307d1992 |||y0rusy50 ca
101 0 _arus
102 _aRU
105 _ay |||||||||
200 1 _aПочетный караул
_eРоман
_eПер. с англ.
_fДжеймс Гулд Коззенс
210 _aМ.
_cРадуга
_d1992
215 _a636, [2] с.
_d21
700 1 _aКоззенс
_bД.Г.
_gДжеймс Гулд
801 0 _aRU
_bNLR
_gpsbo
801 1 _aRU
_bELAR
_2rusmarc
852 _aNLR
_j92-3/5069
942 _cBOOK
980 _aNB